00841 2200289 4500001002100000005001500021035002500036008004100061020002200102040001700124082001500141084001700156100001600173245009600189250002600285260003800311300004500349650002800394700001800422700001200440850001200452007000300464090002100467090002100488999002100509990002100530INLIS00000000001405220200302120529 a0010-091500000002565150928s2015 yoia a ind d a978-602-279-153-9 aYOPDYOGbind04223a153.93 a153.93 FAT t0 aFatiharifah10aTes IQ dan EQ usia 3-4 tahun /cFatiharifah; penyunting, Irham Syaroni; ilustrator, Regi W. aCetakan pertama, 201531aYogyakarta :bLaksana Kids,c2015 a79 halaman :bilustrasi, gambar ;c27 cm 4aTes intelegensi--xAnak0 aIrham Syaroni0 aRegi W. aYOPDYOGta aDEP 153.93 FAT t aCB-D.11 2015-260 aCB-D.11/2015-260 aCB-D.11/2015-260